000 00678nam a2200217 a 4500
001 000014858
003 DO-SdBNP
005 20240826125436.0
007 ta
008 100126s1999 dr abc 000 0 spa d
040 _aDO-SdBNP
_bspa
_cBNPHU
049 _aBNPD
082 4 _222
100 1 _aGonzález, Geraldino,
_d1957-
_920628
245 1 0 _aHaití :
_bsos ambiental y social /
_cGeraldino González ; prólogo Radhamés Lora Salcedo.
260 _aSanto Domingo :
_bEl Nuevo Diario,
_c1999.
300 _a254 p. :
_bilustraciones, mapas y retratos ;
_c24 cm.
590 _aInventariado, 2023/BT
700 1 _aLora Salcedo, Radhamés,
_933667
_eprólogo
942 _2ddc
_cLBS1
999 _c14438
_d14438